000 00267nam a22001217a 4500
008 171025b xxu||||| |||| 00| 0 eng d
041 _aeng
080 _a311
100 _a55
101 _aSTA
245 _aINTRODUCTION TO STATISTICS
_cWALPOLE,R.E
942 _2udc
_cBK
999 _c35967
_d35967